Decentralizaton : Một số vấn đề lý luận và thực tiễn trên thế giới /

Guardado en:
Detalles Bibliográficos
Autor principal: Nguyễn Đăng Dung, GS.TS.
Otros Autores: Vũ Công Giao, ThS.
Formato: Artículo
Lenguaje:Vietnamese
Materias:
Etiquetas: Agregar Etiqueta
Sin Etiquetas, Sea el primero en etiquetar este registro!
Thư viện lưu trữ: Thư viện Trường Đại học Đà Lạt
LEADER 00853nam a2200277 4500
001 DLU120135231
005 ##20120517
040 # # |a DLU  |b vie 
041 # # |a vie 
044 # # |a vn 
100 # # |a Nguyễn Đăng Dung,   |c GS.TS. 
245 # # |a Decentralizaton :  |b Một số vấn đề lý luận và thực tiễn trên thế giới /  |c Nguyễn Đăng Dung, Vũ Công Giao. 
653 # # |a Khái niệm 
653 # # |a Phân quyền 
653 # # |a Thuật ngữ 
700 # # |a Vũ Công Giao,   |c ThS. 
773 # # |t Nghiên cứu Lập pháp  |g Số 10(171), 2010, tr. 57-62 
920 # # |a Phòng Tạp chí -- Trung tâm Thông tin - Thư viện Trường Đại học Đà Lạt 
994 # # |a DLU 
900 # # |a True 
911 # # |a Nguyễn Thị Linh Chi 
925 # # |a G 
926 # # |a A 
927 # # |a BB 
980 # # |a Thư viện Trường Đại học Đà Lạt